000 04128nkm0a2200637 4500
001 RU\NLR\BIBL_A\022632617
005 20251202113229.0
020 _aRU
_b44-2509 (1944, № 3-4)
_9Летопись изоизданий / ВКП. - Москва, 1948. - Вып. 1944, № 3-4. - С. 79
035 _a(NLR Aleph) 022632617
071 5 0 _d8 коп.
090 _a88879
_c88879
100 _a20250929d1944 u y0rusy50 ca
101 0 _arus
102 _aRU
116 _adiycxx zz ae
135 _acrcn 024anaba
181 0 _ab4
_bxb2e
182 0 _an
200 1 _aВперёд, за полный разгром немецко-фашистских захватчиков! И. Сталин
_eвоинское
_e[закрытое письмо]
203 _aИзображение
_bнеподвижное
_bдвухмерное
_bвизуальное
_cнепосредственное
210 _a[Москва]
_cВоениздат НКО СССР
_d[1944
_eМосква]
_gТип. "Красный пролетарий"
215 _a1 л. (слож. вдвое)
_cцв. фотомех. печ.
_d15,1х20,6 (14,1х10,7)
300 _aЦитируется приказ Верховного главнокомандующего № 309 от 7 ноября 1943 г.
300 _aНа закрытом письме также текст: "Смерть немецким оккупантам!", сведения о заказчике: "По зак. Военкнижторга"
300 _aДата публикации установлена по: Летопись изобразительного искусства. 1944. № 3-4. № 2509
300 _aЦенз. разрешение: Г 532469
300 _aВ вып. дан.: Зак. 478
309 _aДвойной формуляр, без клеевой полосы
316 _aЭкз. РНБ на шифре Э О-ПК-3/1944-13, Эот101016: 15,3х20,6 (15,3х10,5) см
_5NLR: Э О-ПК-3/1944-13
325 _aКопия доступна в Электрон. б-ке РНБ
327 0 _aАтака советских пехотинцев, на первом плане поверженный вражеский солдат
606 1 _aПочтовые открытки маркированные художественные
_yСССР
_z1941 - 1945
_2nlr_sh2
_3RU\NLR\AUTH\661531868
606 1 _aВеликая Отечественная война
_z1941 - 1945
_xВоенные операции
_jОткрытки
_2nlr_sh1
_2nlr_sh2
_3RU\NLR\AUTH\66137667
606 1 _aВеликая Отечественная война
_z1941 - 1945
_xПехота
_jОткрытки
_2nlr_sh1
_2nlr_sh2
_3RU\NLR\AUTH\6666842
610 1 _aЗакрытые письма
686 1 _aЩ153(2)7-489
702 1 _aСталин
_bИ. В.
_f1879-1953
_gИосиф Виссарионович
_3RU\NLR\AUTH\773464
_4072
712 0 2 _aВоениздат
_cМосква
_3RU\NLR\AUTH\8810147525
_4650
712 0 2 _a"Красный пролетарий", типография
_cМосква
_3RU\NLR\AUTH\8810047271
_4610
712 0 2 _a"Военкнижторг", контора
_cМосква
_3RU\NLR\AUTH\880592869
_4570
830 _aЛетопись изоизданий: техника печати - дуплекс. АЯ ОЭФ
830 _aПриказ № 309 от 7 ноября 1934 г.: https://vivaldi.nlr.ru/ap000061267/view/?#page=1 (29.09.2025). АЯ ОЭФ
852 0 0 _aNLR
_bЭ
_jО-ЗП-3/1944-13
_mЭот101015
852 0 0 _aNLR
_bЭ
_jО-ЗП-3/1944-13
_mЭот101016
856 0 _uhttps://vivaldi.nlr.ru/lo500030001/view
856 1 _uhttps://vivaldi.nlr.ru/lo500030001/cover
856 2 _uhttps://vivaldi.nlr.ru/lo500030001/text
942 _cVISUAL
945 _aРоссийская национальная библиотека
980 _aNB
980 _aBV
981 1 7 _a(17) Изографические материалы
_b(17) Открытки